Housing policies for Scotland (Record no. 108318)
[ view plain ]
| 000 -LEADER | |
|---|---|
| fixed length control field | 01154cad a22002175a 4500 |
| 001 - CONTROL NUMBER | |
| control field | E143917 |
| 008 - FIXED-LENGTH DATA ELEMENTS--GENERAL INFORMATION | |
| fixed length control field | 080606s20080528stk f | 000 0 eng d |
| 035 ## - SYSTEM CONTROL NUMBER | |
| System control number | (Sirsi) u143917 |
| 041 0# - LANGUAGE CODE | |
| Language code of text/sound track or separate title | eng |
| 050 04 - LIBRARY OF CONGRESS CALL NUMBER | |
| Classification number | 306.3 $2 18 |
| 100 ## - MAIN ENTRY--PERSONAL NAME | |
| Personal name | Maclennan, Duncan |
| 245 00 - TITLE STATEMENT | |
| Title | Housing policies for Scotland |
| Remainder of title | challenges and changes |
| Medium | [electronic resource] |
| 260 ## - PUBLICATION, DISTRIBUTION, ETC. | |
| Place of publication, distribution, etc. | York |
| Name of publisher, distributor, etc. | Joseph Rowntree Foundation |
| Date of publication, distribution, etc. | 2008 |
| 520 ## - SUMMARY, ETC. | |
| Summary, etc. | Document expands on the debate on Scottish housing policy initiated by the Scottish Government's "Firm Foundations" paper. Discusses the changing nature of land tenure in Scotland and adresses challenges for the future, drawing on historical and contemporary examples. The study also looks at the challenges of economic growth and globalisation; suggesting areas for change across the market sector and social housing sector. |
| 590 ## - LOCAL NOTE (RLIN) | |
| Local note | KA NTK |
| 651 #4 - SUBJECT ADDED ENTRY--GEOGRAPHIC NAME | |
| Geographic name | Scotland |
| Chronological subdivision | 1999- |
| 690 ## - LOCAL SUBJECT ADDED ENTRY--TOPICAL TERM (OCLC, RLIN) | |
| Topical term or geographic name as entry element | PROPERTY-RESIDENTIAL PROPERTY-DOMESTIC RESIDENTIAL PROPERTY |
| 700 1# - ADDED ENTRY--PERSONAL NAME | |
| Personal name | O'Sullivan, Tony |
| 856 40 - ELECTRONIC LOCATION AND ACCESS | |
| Uniform Resource Identifier | <a href="https://www.jrf.org.uk/sites/files/jrf/2243-scotland-housing-policy.pdf">https://www.jrf.org.uk/sites/files/jrf/2243-scotland-housing-policy.pdf</a> |
| Public note | View the report free of charge at www.jrf.org.uk |
| 942 ## - ADDED ENTRY ELEMENTS (KOHA) | |
| Suppress in OPAC | 0 |
| Withdrawn status | Lost status | Source of classification or shelving scheme | Damaged status | Not for loan | Home library | Current library | Shelving location | Date acquired | Total Checkouts | Full call number | Barcode | Date last seen | Copy number | Price effective from | Koha item type |
|---|---|---|---|---|---|---|---|---|---|---|---|---|---|---|---|
| Dewey Decimal Classification | Virtual | Virtual | Online | 06/06/2008 | ONLINE PUBLICATION | 143917-2001 | 06/08/2019 | 1 | 06/08/2019 | Book |